[Event "IECG CP.2001.P.00045"]
[Site "IECG email"]
[Date "2001.10.01"]
[Round "?"]
[White "Chew, Simon"]
[Black "Lheureux, Joseph"]
[Result "0-1"]
[WhiteElo "800"]
[BlackElo "1463"]
[PlyCount "38"]
[EventDate "2001.10.01"]
[EventType "tourn (corr)"]
[EventRounds "6"]
[SourceTitle "Corr 2008"]
[Source "ChessBase"]
[SourceDate "2008.06.24"]
[SourceVersion "1"]
[SourceVersionDate "2008.06.24"]
[SourceQuality "1"]

1. e4 d6 2. d3 e5 3. Nf3 Nc6 4. Nc3 f5 5. Be2 Nf6 6. 0-0 Be7 7. b3 0-0 8. Bb2 a6 9. a4 Be6 10. g3 Kh8 11. d4 fxe4 12. dxe5 exf3 13. exf6 fxe2 14. fxg7+ Kxg7 15. Nxe2+ Bf6 16. Bxf6+ Qxf6 17. Nf4 Kh8 18. Re1 Bd7 19. Nd5 Qxf2+ 0-1

[Event "IECG CN.2000.0.00221"]
[Site "IECG email"]
[Date "2000.11.16"]
[Round "?"]
[White "Arnaud, Mike"]
[Black "Chew, Simon"]
[Result "1-0"]
[WhiteElo "950"]
[BlackElo "800"]
[PlyCount "57"]
[EventDate "2000.11.16"]
[EventType "tourn (corr)"]
[EventRounds "6"]
[SourceTitle "Corr 2008"]
[Source "ChessBase"]
[SourceDate "2008.06.24"]
[SourceVersion "1"]
[SourceVersionDate "2008.06.24"]
[SourceQuality "1"]

1. e4 e5 2. Nf3 Nf6 3. Nxe5 Qe7 4. Nf3 Nxe4 5. Be2 Qf6 6. 0-0 Bd6 7. d3 Nc5 8. d4 Ne6 9. Nc3 0-0 10. Nd5 Qf5 11. Ne3 Qg6 12. Bd3 Qh5 13. Nf5 g6 14. Nxd6 cxd6 15. c3 d5 16. Re1 Nc6 17. h3 d6 18. Kh2 f5 19. Be2 Kh8 20. Ng5 Qxg5 21. Bxg5 Nxg5 22. Qd2 Ne4 23. Qf4 Re8 24. f3 Nf6 25. Qxd6 Nd7 26. Qxd5 Nb6 27. Qb3 Re3 28. Rad1 Be6 29. d5 1-0

[Event "IECG CN.2000.0.00221"]
[Site "IECG email"]
[Date "2000.11.16"]
[Round "?"]
[White "Chew, Simon"]
[Black "Cayer, Jean"]
[Result "0-1"]
[WhiteElo "800"]
[BlackElo "704"]
[PlyCount "40"]
[EventDate "2000.11.16"]
[EventType "tourn (corr)"]
[EventRounds "6"]
[SourceTitle "Corr 2008"]
[Source "ChessBase"]
[SourceDate "2008.06.24"]
[SourceVersion "1"]
[SourceVersionDate "2008.06.24"]
[SourceQuality "1"]

1. e4 c5 2. Nf3 Nc6 3. Nc3 d6 4. Bb5 Nf6 5. 0-0 g6 6. d3 Bg7 7. Re1 0-0 8. Bxc6 bxc6 9. Bg5 Nd7 10. d4 cxd4 11. Nxd4 Bb7 12. g3 Ne5 13. a4 Qd7 14. a5 Qh3 15. f3 Qd7 16. Ra4 c5 17. Ndb5 Bc6 18. Qe2 a6 19. Ra3 axb5 20. Bf4 b4 0-1